[Event "Hessen-ch Seniors op 10th"]
[Site "Bad Sooden-Allendorf"]
[Date "2014.05.03"]
[Round "8"]
[White "Rollwitz, Juergen"]
[Black "Roth, Reinhard"]
[Result "1-0"]
[WhiteElo "1841"]
[BlackElo "1883"]
[PlyCount "39"]
[EventDate "2014.04.26"]
[EventType "swiss"]
[EventRounds "9"]
[EventCountry "GER"]
[SourceTitle "EXT 2018"]
[Source "ChessBase"]
[SourceDate "2017.10.13"]
[SourceVersion "1"]
[SourceVersionDate "2017.10.13"]
[SourceQuality "1"]

1. e4 d5 2. exd5 Nf6 3. d4 Nxd5 4. Nf3 Bg4 5. Be2 e6 6. 0-0 c6 7. h3 Bh5 8. c4 Ne7 9. Nc3 Bxf3 10. Bxf3 Ng6 11. g3 Bd6 12. Bg2 Nd7 13. d5 cxd5 14. cxd5 e5 15. Ne4 Nb6 16. Be3 0-0 17. Rc1 Rc8 18. Rxc8 Nxc8 19. Qh5 f6 20. Rc1 1-0

[Event "Hessen-ch Seniors op 10th"]
[Site "Bad Sooden-Allendorf"]
[Date "2014.04.30"]
[Round "5"]
[White "Roth, Reinhard"]
[Black "Rychlik, Kurt"]
[Result "0-1"]
[WhiteElo "1883"]
[BlackElo "2085"]
[PlyCount "113"]
[EventDate "2014.04.26"]
[EventType "swiss"]
[EventRounds "9"]
[EventCountry "GER"]
[SourceTitle "EXT 2018"]
[Source "ChessBase"]
[SourceDate "2017.10.13"]
[SourceVersion "1"]
[SourceVersionDate "2017.10.13"]
[SourceQuality "1"]

1. e4 g6 2. Nf3 Bg7 3. d4 d6 4. Bc4 e6 5. 0-0 Ne7 6. Bg5 h6 7. Be3 Nd7 8. c3 Nf6 9. Nbd2 g5 10. e5 Ng4 11. Be2 dxe5 12. dxe5 Nxe5 13. Qc2 0-0 14. Rad1 Qe8 15. Bd4 Nxf3+ 16. Nxf3 f6 17. h3 b6 18. Rfe1 c5 19. Be3 Bb7 20. Bc1 Rd8 21. Rxd8 Qxd8 22. Rd1 Qc7 23. Nh2 Rd8 24. Re1 f5 25. Qb3 Bd5 26. c4 Be4 27. Rd1 Bd4 28. Be3 e5 29. Rd2 Kg7 30. Qd1 Nc6 31. Nf1 f4 32. Bxd4 Rxd4 33. f3 Bf5 34. g4 Bg6 35. Qe1 e4 36. h4 Qe7 37. h5 Bh7 38. Nh2 e3 39. Rxd4 cxd4 40. Qd1 Qd6 41. a3 Ne5 42. b4 d3 43. Bf1 Qd4 44. Kg2 Qxc4 45. Qa1 Kf6 46. b5 e2 47. Bxe2 dxe2 48. a4 Qd3 49. a5 bxa5 50. Qxa5 Bg8 51. b6 axb6 52. Qxb6+ Be6 53. Qb8 e1Q 54. Qh8+ Ke7 55. Qg7+ Nf7 56. Qb2 Qg3+ 57. Kh1 0-1

[Event "Hessen-ch Seniors op 10th"]
[Site "Bad Sooden-Allendorf"]
[Date "2014.04.26"]
[Round "1"]
[White "Pape, Manfred"]
[Black "Roth, Reinhard"]
[Result "1-0"]
[WhiteElo "2173"]
[BlackElo "1883"]
[PlyCount "125"]
[EventDate "2014.04.26"]
[EventType "swiss"]
[EventRounds "9"]
[EventCountry "GER"]
[SourceTitle "EXT 2018"]
[Source "ChessBase"]
[SourceDate "2017.10.13"]
[SourceVersion "1"]
[SourceVersionDate "2017.10.13"]
[SourceQuality "1"]

1. d4 Nf6 2. Nc3 d5 3. Bg5 h6 4. Bxf6 exf6 5. e3 Be6 6. Nge2 Nc6 7. Nf4 Qd7 8. Be2 a6 9. a3 Bd6 10. Ncxd5 Bxd5 11. Nxd5 0-0 12. Bd3 Rae8 13. Kf1 Qe6 14. Qf3 Ne7 15. Nxe7+ Qxe7 16. h4 c6 17. h5 Qe6 18. Rh4 Qd5 19. Qd1 b5 20. b3 Kh8 21. c4 Qg5 22. Rh3 c5 23. f4 Bxf4 24. exf4 Qxf4+ 25. Qf3 Qxd4 26. Rd1 Qe5 27. Qf5 Qxf5+ 28. Bxf5 bxc4 29. bxc4 Re5 30. Rf3 Rfe8 31. g4 Kg8 32. Rfd3 Kf8 33. Rd8 Re3 34. Rxe8+ Kxe8 35. Rd3 Re5 36. Kf2 Ke7 37. Rd7+ Ke8 38. Ra7 Kf8 39. a4 a5 40. Kf3 Re1 41. Be4 Rf1+ 42. Kg3 Rc1 43. Bd5 Rg1+ 44. Kh3 Ra1 45. Rxf7+ Ke8 46. Ra7 Ra3+ 47. Kg2 Ra2+ 48. Kf3 Kf8 49. Rxa5 Ke7 50. Ra6 Ra1 51. a5 Rf1+ 52. Ke3 Re1+ 53. Kf4 Rf1+ 54. Kg3 Rg1+ 55. Kh3 Rc1 56. Rc6 Rc3+ 57. Kg2 Rc2+ 58. Kf3 Rc1 59. a6 Ra1 60. Rb6 f5 61. gxf5 Rf1+ 62. Ke2 Rxf5 63. a7 1-0

[Event "Hessen-ch Seniors op 09th"]
[Site "Bad Sooden-Allendorf"]
[Date "2013.04.27"]
[Round "8"]
[White "Hellwege, Werner"]
[Black "Roth, Reinhard"]
[Result "1-0"]
[WhiteElo "1989"]
[BlackElo "1887"]
[PlyCount "72"]
[EventDate "2013.04.20"]
[EventType "swiss"]
[EventRounds "9"]
[EventCountry "GER"]
[SourceTitle "EXT 2019"]
[Source "ChessBase"]
[SourceDate "2018.10.10"]
[SourceVersion "1"]
[SourceVersionDate "2018.10.10"]
[SourceQuality "1"]

1. d4 d5 2. c4 e6 3. Nf3 Nf6 4. g3 Bb4+ 5. Nc3 0-0 6. Bg2 Ne4 7. Qc2 Nd7 8. 0-0 h6 9. Nxe4 dxe4 10. Qxe4 Nf6 11. Qd3 c5 12. a3 Ba5 13. dxc5 Bc7 14. b4 Qe7 15. Bb2 e5 16. Qc2 Re8 17. e3 Bd7 18. Rad1 Bg4 19. h3 Bh5 20. Rd2 Bg6 21. Qa4 a5 22. Qb3 Bf5 23. Nh4 Be6 24. Qc2 Rad8 25. Rfd1 axb4 26. axb4 b5 27. cxb5 Rxd2 28. Rxd2 e4 29. Bxf6 Qxf6 30. Qxe4 Bd7 31. Qc4 Be6 32. Qd4 Qe7 33. b6 Rd8 34. Qb2 g5 35. Nf3 g4 36. hxg4 Bxg4 1-0

[Event "Hessen-ch Seniors op 09th"]
[Site "Bad Sooden-Allendorf"]
[Date "2013.04.23"]
[Round "4"]
[White "Schumacher, Ursula"]
[Black "Roth, Reinhard"]
[Result "0-1"]
[WhiteElo "1649"]
[BlackElo "1887"]
[PlyCount "70"]
[EventDate "2013.04.20"]
[EventType "swiss"]
[EventRounds "9"]
[EventCountry "GER"]
[SourceTitle "EXT 2019"]
[Source "ChessBase"]
[SourceDate "2018.10.10"]
[SourceVersion "1"]
[SourceVersionDate "2018.10.10"]
[SourceQuality "1"]

1. c4 e5 2. Nc3 Nf6 3. e4 Bc5 4. g3 d6 5. Nge2 Bg4 6. Bg2 Nc6 7. a3 a6 8. 0-0 Nd4 9. d3 Qd7 10. Be3 c6 11. Bxd4 Bxd4 12. Qd2 Ba7 13. d4 Qc7 14. f3 Be6 15. b3 Qb6 16. Kh1 exd4 17. Na2 c5 18. Rab1 Qc7 19. Nac1 h6 20. Nd3 Qd7 21. Rfe1 b5 22. Rec1 Rb8 23. Nb2 Nh7 24. Qd3 0-0 25. Nf4 Ng5 26. h4 Nh7 27. Kh2 Rb6 28. Nd5 Bxd5 29. exd5 Qb7 30. Bf1 Rb8 31. g4 Qe7 32. Re1 Qxh4+ 33. Kg2 Ng5 34. Re7 Nh3 35. Qe2 Nf4+ 0-1

[Event "Hessen-ch Seniors op 09th"]
[Site "Bad Sooden-Allendorf"]
[Date "2013.04.21"]
[Round "2"]
[White "Koellmer, Hans Peter"]
[Black "Roth, Reinhard"]
[Result "0-1"]
[WhiteElo "1566"]
[BlackElo "1887"]
[PlyCount "94"]
[EventDate "2013.04.20"]
[EventType "swiss"]
[EventRounds "9"]
[EventCountry "GER"]
[SourceTitle "EXT 2019"]
[Source "ChessBase"]
[SourceDate "2018.10.10"]
[SourceVersion "1"]
[SourceVersionDate "2018.10.10"]
[SourceQuality "1"]

1. d4 d5 2. Bf4 Nf6 3. Nf3 e6 4. e3 Nbd7 5. Nbd2 Bd6 6. Bd3 Bxf4 7. exf4 0-0 8. Ne5 Re8 9. Qe2 a6 10. Ndf3 c5 11. c3 c4 12. Bc2 Nf8 13. 0-0 h6 14. Rfe1 Bd7 15. g3 Bb5 16. Nh4 Re7 17. Kh1 Be8 18. Nef3 b5 19. Nf5 Rc7 20. N5h4 Ne4 21. Nd2 f5 22. a3 Raa7 23. Bd1 g5 24. fxg5 hxg5 25. Nhf3 Rh7 26. Ne5 Rh6 27. Nf1 Rah7 28. Qe3 Ng6 29. Nf3 f4 30. Qe2 g4 31. Ng1 f3 32. Qe3 Qg5 33. Nxf3 Qxe3 34. Rxe3 gxf3 35. Bxf3 Nxf2+ 36. Kg2 Ne4 37. Bxe4 dxe4 38. Kg1 Bc6 39. Rae1 Bd5 40. R1e2 Kg7 41. Nd2 Nf4 42. Rf2 Nh3+ 43. Kg2 Nxf2 44. Kxf2 Rxh2+ 45. Ke1 Kf6 46. g4 Rh1+ 47. Nf1 Rf7 0-1

[Event "Hessen-ch Seniors op 08th"]
[Site "Bad Sooden-Allendorf"]
[Date "2012.04.21"]
[Round "8"]
[White "Krueger, Bernhard"]
[Black "Roth, Reinhard"]
[Result "1/2-1/2"]
[WhiteElo "1778"]
[BlackElo "1902"]
[PlyCount "51"]
[EventDate "2012.04.14"]
[EventType "swiss"]
[EventRounds "9"]
[EventCountry "GER"]
[SourceTitle "EXT 2019"]
[Source "ChessBase"]
[SourceDate "2018.10.10"]
[SourceVersion "1"]
[SourceVersionDate "2018.10.10"]
[SourceQuality "1"]

1. c4 e5 2. Nc3 Nf6 3. g3 Bc5 4. e3 0-0 5. Bg2 c6 6. Nge2 d5 7. cxd5 cxd5 8. 0-0 Bg4 9. f3 Be6 10. d4 exd4 11. exd4 Be7 12. a3 a6 13. Kh1 Nc6 14. b4 h6 15. Be3 Rc8 16. Qd2 Nh7 17. f4 f5 18. Ng1 Nf6 19. Nf3 Ne4 20. Nxe4 fxe4 21. Ne5 Qe8 22. Qe2 Nxe5 23. fxe5 Bd7 24. Qa2 Be6 25. Bxe4 Qb5 26. Bg2 1/2-1/2

[Event "Hessen-ch Seniors op 04th"]
[Site "Bad Sooden-Allendorf"]
[Date "2008.04.27"]
[Round "4"]
[White "Narr, Irmgard"]
[Black "Roth, Reinhard"]
[Result "0-1"]
[WhiteElo "1590"]
[BlackElo "1783"]
[PlyCount "62"]
[EventDate "2008.04.24"]
[EventType "swiss"]
[EventRounds "9"]
[EventCountry "GER"]
[SourceTitle "EXT 2022"]
[Source "ChessBase"]
[SourceDate "2021.10.06"]
[SourceVersion "1"]
[SourceVersionDate "2021.10.06"]
[SourceQuality "1"]

1. e4 d5 2. exd5 Nf6 3. Nf3 c6 4. d4 cxd5 5. Bd3 Nc6 6. c3 Bg4 7. Nbd2 e6 8. Qb3 Qc7 9. h3 Bh5 10. 0-0 Bd6 11. Re1 Bg6 12. Bxg6 hxg6 13. Nf1 0-0-0 14. Bg5 Rh5 15. Qc2 Rdh8 16. Bxf6 gxf6 17. Ne3 f5 18. c4 dxc4 19. Qxc4 Kb8 20. d5 f4 21. dxc6 fxe3 22. Rxe3 Rc5 23. Qd4 Rd8 24. Qa4 Rxc6 25. Rb3 Rc1+ 26. Ne1 Rxa1 27. Kf1 Rxe1+ 28. Kxe1 Qc1+ 29. Ke2 Qc2+ 30. Ke1 Bb4+ 31. Qxb4 Rd1# 0-1

[Event "Hessen-ch Seniors op 04th"]
[Site "Bad Sooden-Allendorf"]
[Date "2008.04.26"]
[Round "3"]
[White "Roth, Reinhard"]
[Black "Hoenisch, Florian"]
[Result "1/2-1/2"]
[WhiteElo "1783"]
[BlackElo "1624"]
[PlyCount "28"]
[EventDate "2008.04.24"]
[EventType "swiss"]
[EventRounds "9"]
[EventCountry "GER"]
[SourceTitle "EXT 2022"]
[Source "ChessBase"]
[SourceDate "2021.10.06"]
[SourceVersion "1"]
[SourceVersionDate "2021.10.06"]
[SourceQuality "1"]

1. e4 c5 2. Nf3 d6 3. Bc4 e6 4. 0-0 a6 5. a4 Qc7 6. Re1 Nc6 7. c3 Na5 8. Ba2 c4 9. d3 Be7 10. Na3 cxd3 11. Qxd3 Nc6 12. Be3 Nf6 13. Rac1 0-0 14. Nc4 d5 1/2-1/2

[Event "Hessen-ch Seniors op 04th"]
[Site "Bad Sooden-Allendorf"]
[Date "2008.04.24"]
[Round "1"]
[White "Roth, Reinhard"]
[Black "Rudolph, Rainer"]
[Result "1-0"]
[WhiteElo "1783"]
[BlackElo "1350"]
[PlyCount "71"]
[EventDate "2008.04.24"]
[EventType "swiss"]
[EventRounds "9"]
[EventCountry "GER"]
[SourceTitle "EXT 2022"]
[Source "ChessBase"]
[SourceDate "2021.10.06"]
[SourceVersion "1"]
[SourceVersionDate "2021.10.06"]
[SourceQuality "1"]

1. e4 c5 2. Nf3 Nc6 3. Nc3 Nf6 4. Bc4 e6 5. 0-0 d5 6. exd5 exd5 7. Re1+ Be7 8. Bf1 0-0 9. h3 Re8 10. d3 d4 11. Ne4 b6 12. Bf4 Nd5 13. Qd2 Na5 14. b3 Nb7 15. Bg3 Be6 16. Ne5 Bf6 17. Ng4 Bxg4 18. hxg4 Qd7 19. Be2 Re7 20. Bf3 Rae8 21. Re2 g6 22. Rae1 Kg7 23. g5 Be5 24. Nf6 Bxf6 25. gxf6+ Nxf6 26. Be5 Kg8 27. Bxf6 Rxe2 28. Rxe2 Rxe2 29. Qxe2 Nd6 30. Qe5 Ne8 31. Bg4 Qc6 32. Bh4 h5 33. Bf3 Qd7 34. Be4 Qc8 35. Qe7 Qb8 36. Bd5 1-0

[Event "Hessen-ch Seniors op 03rd"]
[Site "Bad Sooden-Allendorf"]
[Date "2007.05.05"]
[Round "8"]
[White "Blask, Gerhard"]
[Black "Roth, Reinhard"]
[Result "0-1"]
[WhiteElo "1597"]
[BlackElo "1765"]
[PlyCount "52"]
[EventDate "2007.04.27"]
[EventType "swiss"]
[EventRounds "9"]
[EventCountry "GER"]
[SourceTitle "EXT 2022"]
[Source "ChessBase"]
[SourceDate "2021.10.06"]
[SourceVersion "1"]
[SourceVersionDate "2021.10.06"]
[SourceQuality "1"]

1. Nc3 d5 2. e4 d4 3. Nce2 e5 4. Ng3 Bd6 5. Nf3 h5 6. Bc4 h4 7. Nf5 Bxf5 8. exf5 Nh6 9. Bd5 c6 10. Be4 Nd7 11. d3 Bb4+ 12. Bd2 Qe7 13. h3 0-0-0 14. a3 Bxd2+ 15. Qxd2 Rdg8 16. c3 g6 17. fxg6 f5 18. cxd4 fxe4 19. dxe4 Rxg6 20. d5 Nb6 21. Qa5 Nf7 22. Qxa7 Kc7 23. Qa5 Ra8 24. Qc3 Na4 25. Qc2 Rxg2 26. Nxh4 Qxh4 0-1

[Event "GER-ch Seniors 18th"]
[Site "Dresden"]
[Date "2006.07.23"]
[Round "2"]
[White "Siegmund, Rainer"]
[Black "Roth, Reinhard"]
[Result "1-0"]
[WhiteElo "2041"]
[BlackElo "1782"]
[PlyCount "63"]
[EventDate "2006.07.22"]
[EventType "swiss"]
[EventRounds "9"]
[EventCountry "GER"]
[SourceTitle "EXT 2022"]
[Source "ChessBase"]
[SourceDate "2021.10.06"]
[SourceVersion "1"]
[SourceVersionDate "2021.10.06"]
[SourceQuality "1"]

1. d4 Nf6 2. c4 e5 3. dxe5 Ng4 4. Bf4 Bb4+ 5. Nc3 Nc6 6. Nf3 Qe7 7. Qd5 f6 8. exf6 Nxf6 9. Qd3 d6 10. a3 Bxc3+ 11. Qxc3 Ne4 12. Qe3 0-0 13. g3 Bf5 14. Bg2 h6 15. h4 Rae8 16. 0-0 Qf7 17. Qb3 Nc5 18. Qd1 Qf6 19. b4 Ne6 20. Be3 a6 21. Qd2 Be4 22. Rac1 Bxf3 23. Bxf3 Kh8 24. Rc3 Ned8 25. b5 Ne5 26. Bd4 axb5 27. cxb5 c5 28. bxc6 bxc6 29. Bxc6 Ndxc6 30. Rxc6 Qe7 31. Bxe5 dxe5 32. Qd1 1-0

[Event "Hessen-ch Seniors"]
[Site "Offenbach"]
[Date "2005.03.29"]
[Round "3"]
[White "Roth, Reinhard"]
[Black "Lehr, Ernst"]
[Result "0-1"]
[WhiteElo "2027"]
[BlackElo "1800"]
[PlyCount "108"]
[EventDate "2005.03.28"]
[EventType "swiss"]
[EventRounds "7"]
[EventCountry "GER"]
[SourceTitle "EXT 2006"]
[Source "ChessBase"]
[SourceDate "2005.11.24"]
[SourceVersion "1"]
[SourceVersionDate "2005.11.24"]
[SourceQuality "1"]

1. e4 e5 2. d4 exd4 3. Qxd4 Nc6 4. Qe3 d6 5. Bd2 Nf6 6. Nc3 h6 7. 0-0-0 Bd7 8. h3 Be7 9. g4 Na5 10. f4 c5 11. e5 dxe5 12. fxe5 Nh7 13. Ne4 0-0 14. Nf3 Nc6 15. Bc4 Qc7 16. Nxc5 Bxc5 17. Qxc5 Rac8 18. Bb3 Be6 19. Bc3 b6 20. Qd6 Qb7 21. Bxe6 Rcd8 22. Bd7 Nb8 23. e6 Qxf3 24. Qc7 Nxd7 25. exd7 Nf6 26. Rhf1 Rxd7 27. Rxf3 Rxc7 28. Bxf6 gxf6 29. Rxf6 Kg7 30. Rdd6 Rh8 31. c3 Re7 32. Kd2 Rhe8 33. Rf2 Re3 34. Rdf6 R3e7 35. h4 Rd8+ 36. Kc2 Rdd7 37. R6f5 Re4 38. Rg2 Rde7 39. Rff2 Kg6 40. Kb3 R7e5 41. g5 hxg5 42. hxg5 Rb5+ 43. Kc2 Rf5 44. Kd3 Rxf2 45. Rxf2 Re7 46. Rg2 Re5 47. c4 Rxg5 48. Rxg5+ Kxg5 49. b4 Kf5 50. Kd4 Ke6 51. a4 Kd6 52. a5 bxa5 53. c5+ Kc7 54. b5 a4 0-1

[Event "EU-ch Seniors 05th"]
[Site "Bad Homburg"]
[Date "2005.??.??"]
[Round "8"]
[White "Schramm, Bernd"]
[Black "Roth, Reinhard"]
[Result "1-0"]
[WhiteElo "2124"]
[BlackElo "2027"]
[PlyCount "109"]
[EventDate "2005.06.25"]
[EventType "swiss"]
[EventRounds "9"]
[EventCountry "GER"]
[SourceTitle "EXT 2006"]
[Source "ChessBase"]
[SourceDate "2005.11.24"]
[SourceVersion "1"]
[SourceVersionDate "2005.11.24"]
[SourceQuality "1"]

1. e4 g6 2. d4 Bg7 3. c4 d6 4. Nc3 Nf6 5. f3 0-0 6. Nge2 Nbd7 7. Be3 Re8 8. Qd2 e5 9. 0-0-0 a6 10. g4 Nb6 11. Ng3 Qe7 12. h4 exd4 13. Bxd4 c5 14. Be3 Be6 15. b3 Rad8 16. h5 d5 17. cxd5 Bxd5 18. Qf2 Qe5 19. Rd3 Bc6 20. f4 Rxd3 21. fxe5 Rxc3+ 22. Kd2 Nxg4 23. Qf3 Nxe5 24. Qf4 g5 25. Qf5 Bd7 26. Kxc3 Ng4+ 27. Kd2 Bxf5 28. Nxf5 Nxe3 29. Kxe3 Nd5+ 30. Kd3 Nb4+ 31. Ke3 b5 32. a4 Nd5+ 33. Kd3 Nf6 34. Bg2 c4+ 35. bxc4 bxa4 36. c5 Ng4 37. Nxg7 Kxg7 38. Ra1 Rd8+ 39. Kc3 Re8 40. Rxa4 Ne3 41. Bf3 g4 42. Kd3 gxf3 43. Kxe3 f2 44. Kxf2 Re5 45. Rc4 Re7 46. Ke3 a5 47. c6 Rc7 48. Kd4 Kf6 49. Kc5 Ke7 50. Rd4 f6 51. Kb6 Rxc6+ 52. Kxc6 Ke6 53. Ra4 Ke5 54. Kd7 h6 55. Ke7 1-0

[Event "GER-chA Seniors 16th"]
[Site "Templin"]
[Date "2004.09.08"]
[Round "5"]
[White "Roth, Reinhard"]
[Black "Reschke, Susanne"]
[Result "1-0"]
[WhiteElo "1774"]
[BlackElo "1606"]
[PlyCount "53"]
[EventDate "2004.09.04"]
[EventType "swiss"]
[EventRounds "9"]
[EventCountry "GER"]
[SourceTitle "EXT 2005"]
[Source "ChessBase"]
[SourceDate "2004.11.15"]
[SourceVersion "1"]
[SourceVersionDate "2004.11.15"]
[SourceQuality "1"]

1. e4 e6 2. d4 d5 3. e5 c5 4. c3 Nc6 5. Nf3 Qb6 6. a4 c4 7. Be2 f6 8. 0-0 fxe5 9. dxe5 Bc5 10. Na3 a6 11. Nc2 Nge7 12. Ncd4 Ng6 13. b4 cxb3 14. Nxb3 Ncxe5 15. Nxe5 Nxe5 16. Nxc5 Qxc5 17. Be3 Qe7 18. Bd4 Ng6 19. c4 e5 20. Bb2 d4 21. Bh5 Qg5 22. f4 exf4 23. Re1+ Kf7 24. Qxd4 Rg8 25. Re5 Bf5 26. Qd5+ Kf8 27. Rxf5+ 1-0